000 00914nam a22003137a 4500
001 BR0808725
003 BR-BrBNA
005 20230928102859.0
007 ta
008 230509b bl.||||| |||| 00| 0 por d
040 _aBR-BrBNA
_bpor
_cBiblioteca Nacional de Agricultura
041 _a(Por)
072 _aJ11
_b1122
090 _ 1122 BR0808725
100 1 _aAsmar, S.A.
110 1 _aUniversidade Federal de Lavras, MG (Brasil)
_0Tese (Mestrado)
245 1 _aQualidade do mamão submetido ao 1-MCP em diferentes tempos de exposição
260 3 _aLavras, MG (Brasil):
_c2008.
300 _a72 p.
500 _aSummaries (Eng, Por); Bibliography p. 59-69; 18 illus.
650 _aMAMÃO
650 _aQUALIDADE
650 _aPROPRIEDADE ORGANOLÉPTICA
650 _aTRATAMENTO
650 _aPÓS-COLHEITA
650 _aARMAZENAMENTO
909 _a202309
_bLucia
_c55
_dLucia Elande
942 _cBK
999 _c72818
_d72818